000 00341nam a2200133Ia 4500
005 20260326100030.0
008 260326s9999||||xx |||||||||||||| ||und||
100 _aEscofet Ibáñez, Manuel
245 0 _aCataluña /
_cManuel Escofet Ibáñez
260 _bNeclobe Editores
300 _a94 p.
650 _aARQUITECTURA REGIONAL
942 _cBK
999 _c6570
_d6570